| 000 | 00616nam a22002297a 4500 | ||
|---|---|---|---|
| 999 |
_c8545 _d8545 |
||
| 001 | 22646 | ||
| 003 | BD-DhUAP | ||
| 005 | 20250305123758.0 | ||
| 008 | 250305b20042023bg a|||| |||| 00| 0ceng d | ||
| 020 | _a9843218860 | ||
| 040 |
_aBD-DhUAP _beng _cBD-DhUAP _dBD-DhUAP |
||
| 082 |
_223 _a346.022 HAQ |
||
| 100 | _aHaque, Muhammad Ekramul. | ||
| 245 |
_aLaw of contract / _cMuhammad Ekramul Haque. |
||
| 250 | _a4th ed. | ||
| 260 |
_aDhaka : _bLaw Lyceum, _c2023. |
||
| 300 |
_axxiv, 822 pages ; _b22 cm. |
||
| 440 | _aText book series. | ||
| 500 | _aIncludes index. | ||
| 650 |
_aContracts _xLaw. |
||
| 942 |
_2ddc _cBK |
||